Countries that are 5 Letters Long - Statistics

General Stats
  • This quiz has been taken 442 times
    203 since last reset
  • The average score is 20 of 24
Answer Stats
Answer % Correct
Italy
90%
Japan
90%
Spain
88%
China
87%
Yemen
87%
Egypt
86%
Chile
85%
Haiti
85%
Palau
84%
Tonga
82%
Ghana
81%
Nauru
81%
Qatar
81%
Benin
80%
India
80%
Syria
80%
Kenya
78%
Nepal
78%
Niger
78%
Samoa
78%
Sudan
76%
Libya
75%
Malta
75%
Gabon
73%
No matching quizzes found
Score Distribution
Percent of People with Each Score
Percentile by Number Answered
Your Score History
You have not taken this quiz since the last reset